Estações Metro do Porto - Statistics

Estatísticas Gerais
  • Esse quiz foi jogado 209 vezes
  • A pontuação média é 38 de 87
Estatísticas das Respostas
Hint Resposta % Correto
TRD Trindade
94%
CMP Campanhã
90%
SBN São Bento
87%
ALI Aliados
82%
HSJ Hospital São João
82%
BOL Bolhão
81%
CMS Casa da Música
79%
ED Estádio do Dragão
77%
AER Aeroporto
76%
MOR Jardim do Morro
74%
FZN Fânzeres
73%
PV Póvoa de Varzim
73%
CAM Carolina Michaelis
72%
VC Vila do Conde
72%
IPO IPO
71%
LAP Lapa
71%
POL Pólo Universitário
69%
SH Senhora da Hora
69%
ISM ISMAI
68%
STO Santo Ovídio
68%
VRV Via Rápida/Viso
65%
HER Heroísmo
62%
MAR Marquês
61%
SEB Sete Bicas
61%
RM Ramalde
58%
RIO Rio Tinto
58%
COM Combatentes
57%
FR Francos
57%
SAL Salgueiros
55%
GTO General Torres
53%
AGO 24 de Agosto
51%
MTS Matosinhos Sul
48%
FAG Faria Guimarães
47%
VDE Vila d'Este
45%
JOD João de Deus
44%
SAB São Brás
44%
ARV Árvore
42%
CMG Câmara Gaia
42%
CUS Custóias
42%
CMM Câmara Matosinhos
40%
FRM Fórum Maia
40%
AZU Azurara
39%
DJO D. João II
38%
ETM Estádio do Mar
38%
FOM VC Fashion Outlet/Modivas
38%
CTM Contumil
37%
VRD Verdes
37%
BOT Botica
35%
LID Lidador
35%
MER Mercado
35%
PEH Pedro Hispano
35%
MIN Mindelo
34%
HSA Hospital Santo António
33%
PER Pedras Rubras
33%
VAG Vasco da Gama
33%
FTC Fonte do Cuco
32%
HSS Hospital Santos Silva
31%
ESP Esposade
30%
LEV Levada
30%
MNL Manuel Leão
29%
NAS Nasoni
28%
PQR Parque Real
28%
PTF Portas Fronhas
28%
VAR Varziela
28%
MOS Modivas Sul
27%
PQM Parque Maia
27%
NAV Nau Vitória
26%
MOC Modivas Centro
25%
SRM Sr. de Matosinhos
25%
CTM Castêlo da Maia
24%
GAL Galiza
24%
BGM Baguim
23%
BTC Brito Capelo
22%
CPM Campainha
22%
CRT Crestins
21%
STC Santa Clara
20%
ZIN Zona Industrial
20%
PIA Pias
18%
APE Alto de Pega
16%
CTI Custió
16%
EPN Espaço Natureza
15%
VDN Venda Nova
15%
ARA Araújo
13%
CDR Cândido dos Reis
12%
MAN Mandim
9%
CAR Carreira
8%
VIP Vilar de Pinheiro
8%
Nenhum quiz correspondente encontrado
Distribuição das Pontuações
Porcentagem de Pessoas com Cada Pontuação
Percentil de Números Respondidos
Sua Pontuação Histórica
Você não jogou esse quiz